Inducción de innovaciones y desarrollo agropecuario argentino (Registro nro. 24751)
[ vista simple ]
| 000 -LEADER | |
|---|---|
| fixed length control field | 00384 a2200121 4500 |
| 001 - CONTROL NUMBER | |
| control field | ART_10439 |
| 005 - DATE AND TIME OF LATEST TRANSACTION | |
| control field | 20260410161848.0 |
| 008 - FIXED-LENGTH DATA ELEMENTS--GENERAL INFORMATION | |
| fixed length control field | 260409a |
| 100 1# - MAIN ENTRY--PERSONAL NAME | |
| Personal name | de Janvry, Alain |
| 245 10 - TITLE STATEMENT | |
| Title | Inducción de innovaciones y desarrollo agropecuario argentino |
| 700 1# - ADDED ENTRY--PERSONAL NAME | |
| Personal name | Martínez, Juan Carlos |
| 773 0# - HOST ITEM ENTRY | |
| Title | Económica |
| Related parts | - Año XVIII, Nº 2 (may./ago. 1972) |
| Record control number | REV7541 |
No hay ítems disponibles.